01075nam a2200241 a 450000100100000000500170001000800410002702000180006804000250008608200130011110000340012424500790015826000670023730000280030450000210033250400260035359000650037959000270044495201170047195201110058895201170069999900170081600004682820201002053136.0110224s2016 dr a 000 0 spa d a9789945085679 aDO-SdBNPbspacBNPHU axxxbxxx1 aBelliard M., Freddy C.97477810aSistemas administración y gestión informatica /cFreddy C. Belliard M. aSan Francisco Macoris, República Dominicana :b[s.d],c2016. a195 P. :bil. ;c24 cm. aIncluye índice aBibliografía p: 199 aLa biblioteca posee 3 ejemplares autografiados por el autor. aInventariado, 2018/ YL 0010718DSaGRbGRcCTd2018-04-02iLF1l0oxxx xxxp46828-30r2020-06-25te. 3w2020-06-25yLFDSZNo se presta 0010718PDaPDbPDcCTd2018-04-02iLF1l0oxxx xxxp46828-10r2020-06-25w2020-06-25yLFPDZNo se presta 0010718PDaPDbPDcCTd2018-04-02iLF1l0oxxx xxxp46828-20r2020-06-25te. 2w2020-06-25yLFPDZNo se presta c46317d46317